000 00631nam a2200181Ia 4500
008 090123s9999 xx 000 0 und d
082 _b13669
_a891.463/अष्टीक
100 _aअष्टीकर मंदाकिनी
245 _aहे सूर वेदनांचे
250 _a1
260 _bवसंत प्रकाशन
300 _a194
600 _aअष्टीकर मंदाकिनी
630 _aहे सूर वेदनांचे
700 _aअष्टीकर मंदाकिनी
730 _aहे सूर वेदनांचे
942 _cBOOK
999 _c51732
_d51732